000 00600nam a2200229Ia 4500
003 OSt
005 20221005133152.0
006 a|||||r|||| 00| 0
007 ta
008 221004b |||||||| |||| 00| 0 mal d
024 _a55231
037 _cTextual
040 _aCRL
_cCRL
_bmal
041 _2mal
_amal
082 _aO32,1N03x, K5
100 _aTharakan Puthencavu matthan
_9642156
245 0 _aViswadeepam
260 _c1973
650 _aMALAYALAM LITERATURE
_938866
942 _hO32,1N03x, K5
_cTEXL
_2cc
999 _c1065972
_d1065972